00725nam a22002057a 450000500170000001000150001702000260003203500130005803700130007108200160008410000180010024500600011826000370017827000530021530000250026850000500029394200300034399900170037395201290039020140723160644.0 aENG-109978 c675.00a9788171326495 aEN-93511 bDBAD/PUB a631.5210954 aTrivedi, P.C.00aSeed technology and quality control /cby P.C. Trivedi  aJaipurbPointer Publishersc2011 a807,Vyas Buliding, S.M.S.HighwaybJaipure302003 axii,196p. c22cm(Hb) aIncludes bibliographical references and index 2ddccENmTRIh631.5210954 c84045d84045 001040718NFICaDBADbDBADd2014-05-07eDBAD/PUBg675.00l0o631.5210954 TRIpEN-93511r2014-05-07 00:00:00t1v675.00yEN